| 000 | 00683nam a22001697a 4500 | ||
|---|---|---|---|
| 999 |
_c509514 _d509514 |
||
| 082 | _aAPPPA 2018-19\VIS | ||
| 100 |
_aSharma, Vishal _95443 |
||
| 245 |
_aHydrography for furthering India's influence in Indian Ocean and beyond _cby Vishal Sharma |
||
| 260 |
_aNew Delhi _bIndian Institute of Public Administration _c2019 |
||
| 300 | _a146p. | ||
| 500 | _a APPPA Dissertation, 2018-19, (Guide : Prof Vinod Kumar Sharma ) | ||
| 650 |
_aSea-power. Indian Ocean. India -- History, Naval. _96409 |
||
| 650 |
_aIndian Ocean. _96410 |
||
| 650 |
_aIndia -- History, Naval. _96411 |
||
| 650 |
_aIndian Ocean Region -- Civilization. _96412 |
||
| 650 |
_aIndian Ocean Region -- History. _96413 |
||